Freeze Corleone- Quizz - Statistiques

Statistiques générales
  • Ce quiz a été pris 304 fois
  • Le résultat moyen est 9 sur 15
Statistiques - réponses
Question Réponse % Correct
Quel groupe musical Freeze Corleone a-t-il fondé ? 667
99%
Quel est le nom complet de Freeze Corleone ? Issa Diakhaté
99%
Quel est l'origine de Freeze Corleone ? Sénégal
90%
Quel thème est souvent abordé dans les paroles de Freeze Corleone ? La politique et les conspirations
87%
Quel est le nom de l’album de Freeze Corleone sorti en 2021 ? La Menace Fantôme
80%
Freeze Corleone est-il associé à un courant musical spécifique ? Trap
79%
Freeze Corleone est connu pour ses références à quel type de culture ? Histoire et politique
77%
Quel est le principal style musical de Freeze Corleone ? Trap et drill
74%
Quel est le nom du morceau où Freeze Corleone mentionne souvent "667" ? 667 Freestyle
66%
Dans quelle ville Freeze Corleone a-t-il grandi ? Saint-Denis
66%
Quel est le nom de son premier album solo sorti en 2020 ? Frozen
30%
Quel surnom Freeze Corleone utilise-t-il sur ses réseaux sociaux ? Le Savant
26%
Quel est le surnom souvent donné à Freeze Corleone dans ses morceaux ? Le Savant
7%
Quel est le titre de la chanson qui a provoqué une polémique à cause de ses paroles jugées antisémites ? Qui sont les imposteurs
4%
Avec quel autre artiste Freeze Corleone a-t-il fait plusieurs collaborations dans le groupe 667 ? zola
3%
Aucun quiz correspondant
Distribution des résultats
% des personnes avec chaque résultat
Percentile par nombre de réponses
Votre historique - résultats
Vous n’avez pas pris ce quiz